| 000 | 00453nam a2200181Ia 4500 | ||
|---|---|---|---|
| 003 | GCL | ||
| 008 | 140319s9999 xx 000 0 eng d | ||
| 040 |
_aGCL / _cGCL |
||
| 082 | 0 | 4 |
_a745.61 _bT A |
| 100 | 1 | _aTHOMSON, GEARGE L | |
| 245 | 1 | 0 |
_aTHE ART OF CALLIGRAPHY / _cTHOMSON, GEARGE L |
| 260 |
_a[S.N] : _bTREASURE PREN ، _c1992 |
||
| 300 | _a160 PP | ||
| 650 | 0 | 4 | _aARTS |
| 650 | 0 | 4 | _aCALLIGRAPHY |
| 650 | 0 | 4 | _aART CALLIGRAPHY |
| 942 |
_2ddc _cBK |
||
| 999 |
_c18873 _d18873 |
||